El puerto de Bahía Blanca tras la reforma del estado : desregulación, descentralización y transformación /
Guardado en:
| Autor Principal: | |
|---|---|
| Autor Corporativo: | |
| Formato: | Libro |
| Idioma: | Spanish |
| Publicado: |
Bahía Blanca, [Argentina] :
Ediuns,
2006.
|
| Materias: | |
| Etiquetas: |
Agregar Etiqueta
Sin Etiquetas, Sea el primero en etiquetar este registro!
|
| LEADER | 00987nam a22002535a 4500 | ||
|---|---|---|---|
| 001 | EEO.eeo001077 | ||
| 008 | 070910s2006####ag#####g#b####000#0#spa#d | ||
| 005 | 20160404121827.0 | ||
| 245 | 1 | 3 | |a El puerto de Bahía Blanca tras la reforma del estado : |b desregulación, descentralización y transformación / |c Luciano A. Trujillo. |
| 260 | |a Bahía Blanca, [Argentina] : |b Ediuns, |c 2006. | ||
| 300 | |a 90 p. ; |c 20 cm. | ||
| 504 | |a Incluye referencias bibliográficas (p. 85-88). | ||
| 020 | |a 987117151x | ||
| 020 | |a 9789871171514 | ||
| 100 | 1 | |a Trujillo, Luciano A. | |
| 710 | 2 | |a Universidad Nacional del Sur. |b Departamento de Derecho. | |
| 650 | 7 | |a Historia económica. |2 Isoc | |
| 650 | 7 | |a Desregulación. |2 Isoc | |
| 650 | 7 | |a Estado. |2 Isoc | |
| 650 | 7 | |a Puertos. |2 Isoc | |
| 650 | 7 | |a Derecho de navegación. |2 Isoc | |
| 653 | |a Bahía Blanca (Argentina) | ||
| 859 | |a AR-BaUEB |b BIB. ECONOMIA - General |h 387.15 |i T769 |p e13876 | ||
| 859 | |a AR-BaUEB |b BIB. ECONOMIA - General |h 387.15 |i T769 |p e14028 |t Ej.2 | ||
